Riesgo y ventura del Duque de Osuna (Record no. 186867)

MARC details
000 -LEADER
campo de control de longitud fija 00784nam a2200205 i 4500
001 - NÚMERO DE CONTROL
campo de control 186867
003 - IDENTIFICADOR DE NÚMERO DE CONTROL
campo de control ES-MaACL
005 - FECHA Y HORA DE LA ÚLTIMA TRANSACCIÓN
campo de control 20250927163933.0
008 - DATOS DE LONGITUD FIJA--INFORMACIÓN GENERAL
campo de control de longitud fija 170223s1933 sp |||| | spa d
100 1# - ENTRADA PRINCIPAL--NOMBRE DE PERSONA
Nombre de persona Marichalar, Antonio,
Fechas asociadas al nombre 1893-1973
9 (RLIN) 76704
245 10 - MENCIÓN DEL TÍTULO
Título Riesgo y ventura del Duque de Osuna
Resto del título : (Ensayo biográfico) /
Mención de responsabilidad, etc. por Antonio Marichalar.
250 ## - MENCION DE EDICION
Mención de edición 2ª ed. aum.
260 ## - PUBLICACIÓN, DISTRIBUCIÓN, ETC.
Lugar de publicación, distribución, etc. Madrid :
Nombre del editor, distribuidor, etc. Espasa-Calpe,
Fecha de publicación, distribución, etc. 1933.
300 ## - DESCRIPCIÓN FÍSICA
Extensión 278 p,,[4] p. de lám. ;
Dimensiones 18 cm.
490 1# - MENCIÓN DE SERIE
Mención de serie Vidas españolas e hispanoamericanas del Siglo XIX ;
Designación de volumen o secuencia 5
600 17 - PUNTO DE ACCESO ADICIONAL DE MATERIA--NOMBRE DE PERSONA
Nombre de persona Osuna, Mariano Téllez-Girón y Beaufort,
Títulos y otros términos asociados al nombre Duque de,
Fechas asociadas al nombre 1814-1882
Fuente del encabezamiento o término
9 (RLIN) 130737
830 00 - PUNTO DE ACCESO ADICIONAL DE SERIE-TÍTULO UNIFORME
Título uniforme Vidas españolas e hispanoamericanas del siglo XIX
Designación de volumen o secuencia 5
9 (RLIN) 192640
852 ## - LOCALIZACIÓN
Ubicación ES-MaACL
Número de control de estantería C-23218
Holdings
Estatus retirado Estado de pérdida Estado de daño No para préstamo Biblioteca de origen Biblioteca actual Ubicación en estantería Fecha de adquisición Fuente de adquisición Total de préstamos Signatura topográfica completa Código de barras Visto por última vez Precio de reemplazo Tipo de ítem Koha
        Biblioteca del Ateneo de Madrid Biblioteca del Ateneo de Madrid Depósito 2 23/02/2017     C-23218 1197107 23/02/2023 23/02/2023 Libro impreso